[Event "AUT-chT2M 2324"]
[Site "Austria"]
[Date "2024.03.17"]
[Round "8.4"]
[White "Feinig, Mario"]
[Black "Durakovic, Alman"]
[Result "1/2-1/2"]
[WhiteElo "2222"]
[BlackElo "2298"]
[PlyCount "114"]
[EventDate "2023.11.03"]
[EventType "team-tourn"]
[EventRounds "11"]
[EventCountry "AUT"]
[SourceTitle "CB16_2024"]
[SourceDate "2024.04.17"]
[SourceVersion "1"]
[SourceVersionDate "2024.04.17"]
[SourceQuality "1"]
[WhiteTeam "Villach Admira"]
[BlackTeam "St Veit/Glan"]
[WhiteTeamCountry "AUT"]
[BlackTeamCountry "AUT"]

1. e4 c5 2. Nf3 d6 3. Bb5+ Nd7 4. c3 Ngf6 5. Qe2 a6 6. Ba4 c4 7. Bc2 b5 8. b3 Qc7 9. bxc4 bxc4 10. Na3 Nb6 11. e5 dxe5 12. Nxe5 Be6 13. Rb1 Nfd7 14. Nxd7 Bxd7 15. Qe4 Bc6 16. Qd4 Nd7 17. Qxc4 Ne5 18. Qf1 e6 19. f4 Ng6 20. Qf2 Nxf4 21. 0-0 g5 22. Nc4 Bxg2 23. Ba4+ Bc6 24. Qf3 Rc8 25. Qxc6+ Qxc6 26. Bxc6+ Rxc6 27. Rb8+ Ke7 28. Ba3+ Kf6 29. Bxf8 Rxc4 30. Be7+ Kxe7 31. Rxh8 h5 32. Rb1 Ra4 33. Rb7+ Kf6 34. Rh7 Rxa2 35. Rhxf7+ Ke5 36. Rbd7 Ke4 37. Kf2 e5 38. Rf6 Nd3+ 39. Ke2 Nf4+ 40. Kd1 g4 41. c4 Nd3 42. Ke2 Nc5 43. Rh7 Nb3 44. Rxh5 Nxd2 45. Rg6 Nxc4+ 46. Kf1 Ne3+ 47. Kg1 Rg2+ 48. Kh1 Rf2 49. h3 gxh3 50. Rxh3 a5 51. Rh4+ Kf5 52. Rg8 Ra2 53. Rf8+ Ke6 54. Re8+ Kd5 55. Rd8+ Ke6 56. Re8+ Kd5 57. Rd8+ Ke6 1/2-1/2

[Event "St Veit op 42nd"]
[Site "St Veit"]
[Date "2023.07.11"]
[Round "5"]
[White "Feinig, Mario"]
[Black "Rogic, Davor"]
[Result "1/2-1/2"]
[WhiteElo "2206"]
[BlackElo "2446"]
[PlyCount "101"]
[EventDate "2023.07.08"]
[EventType "swiss"]
[EventRounds "9"]
[EventCountry "AUT"]
[SourceTitle "CBM 215 Extra"]
[Source "ChessBase"]
[SourceDate "2023.09.30"]
[SourceVersion "1"]
[SourceVersionDate "2023.09.30"]
[SourceQuality "1"]

1. e4 e5 2. Nf3 Nc6 3. Nc3 Nf6 4. d4 Bb4 5. Nxe5 Bxc3+ 6. bxc3 Qe7 7. Nxc6 Qxe4+ 8. Be2 Qxc6 9. 0-0 d5 10. a4 Qxc3 11. Ra3 Qa5 12. Rg3 Be6 13. Rxg7 0-0-0 14. Bg5 Ne8 15. Bxd8 Nxg7 16. Bf6 Rg8 17. Bd3 Ne8 18. Be5 f6 19. Bg3 Qxa4 20. Bxh7 Rg7 21. Qh5 Re7 22. Bg6 Qd7 23. Re1 a5 24. h4 a4 25. Qe2 Kd8 26. Qd2 Bf7 27. Rxe7 Kxe7 28. Qe3+ Kd8 29. Bd3 a3 30. Qc1 Qa4 31. Qa1 a2 32. Bf4 c5 33. Bd2 c4 34. Bh7 b5 35. c3 Qb3 36. Bc1 Nd6 37. Bb2 Be6 38. Qc1 Nf5 39. g4 Nxh4 40. Bc2 Nf3+ 41. Kh1 a1Q 42. Bxa1 Qa2 43. Bb2 Kd7 44. Kg2 Bxg4 45. Kg3 f5 46. Qf4 Qxb2 47. Bxf5+ Bxf5 48. Qxf5+ Kc6 49. Qc8+ Kb6 50. Qb8+ Kc6 51. Qc8+ 1/2-1/2

[Event "St Veit op 42nd"]
[Site "St Veit"]
[Date "2023.07.10"]
[Round "4"]
[White "Wiedner, Robert"]
[Black "Feinig, Mario"]
[Result "0-1"]
[WhiteElo "2037"]
[BlackElo "2206"]
[PlyCount "86"]
[EventDate "2023.07.08"]
[EventType "swiss"]
[EventRounds "9"]
[EventCountry "AUT"]
[SourceTitle "CBM 215 Extra"]
[Source "ChessBase"]
[SourceDate "2023.09.30"]
[SourceVersion "1"]
[SourceVersionDate "2023.09.30"]
[SourceQuality "1"]

1. c4 e6 2. d4 d5 3. Nc3 Nf6 4. Nf3 a6 5. cxd5 exd5 6. Bg5 Be6 7. e3 Nbd7 8. Bd3 Bd6 9. Qc2 c6 10. Bh4 h6 11. Bg3 Qc7 12. Bxd6 Qxd6 13. h3 0-0 14. 0-0 Rfe8 15. Ne2 Ne4 16. Rfe1 Bf5 17. Nh4 Bh7 18. Ng3 Qf6 19. Nf3 Bg6 20. Bxe4 Bxe4 21. Nxe4 dxe4 22. Nd2 Qe6 23. Rec1 Nf6 24. Qb3 Qe7 25. Nc4 Nd5 26. Nb6 Rad8 27. Rc5 Nxb6 28. Qxb6 Qd7 29. Qb3 Re6 30. Rf5 Rg6 31. Rf4 Re8 32. Rc1 Rg5 33. Kf1 Rb5 34. Qc2 Qd5 35. b3 g5 36. Rg4 Re6 37. Rg3 Rg6 38. Qe2 f5 39. Kg1 Kg7 40. f3 Qd6 41. Qf2 h5 42. fxe4 fxe4 43. Rf1 Rf6 0-1

[Event "St Veit op 42nd"]
[Site "St Veit"]
[Date "2023.07.09"]
[Round "3"]
[White "Feinig, Mario"]
[Black "Markun, Ozbej"]
[Result "1-0"]
[WhiteElo "2206"]
[BlackElo "1877"]
[PlyCount "85"]
[EventDate "2023.07.08"]
[EventType "swiss"]
[EventRounds "9"]
[EventCountry "AUT"]
[SourceTitle "CBM 215 Extra"]
[Source "ChessBase"]
[SourceDate "2023.09.30"]
[SourceVersion "1"]
[SourceVersionDate "2023.09.30"]
[SourceQuality "1"]

1. e4 c5 2. Nf3 d6 3. Bb5+ Bd7 4. Bxd7+ Nxd7 5. 0-0 Ngf6 6. Qe2 e6 7. d4 cxd4 8. Nxd4 Be7 9. c4 0-0 10. Nc3 a6 11. b3 Qa5 12. Bb2 Rfe8 13. Rad1 Rac8 14. f4 Bf8 15. g4 h6 16. Kh1 b5 17. cxb5 Rxc3 18. Bxc3 Qxc3 19. bxa6 Qa5 20. Rc1 Qb6 21. Rfd1 Nc5 22. e5 Nd5 23. Qb5 Qxb5 24. Nxb5 Nxa6 25. exd6 Rd8 26. f5 Bxd6 27. Rc6 Nab4 28. Rxd6 Rxd6 29. Nxd6 Nxa2 30. fxe6 fxe6 31. Re1 Nc7 32. Ra1 Nb4 33. Ra7 Ncd5 34. Nc4 Nc6 35. Rd7 Ncb4 36. Ne5 Nf4 37. Rb7 Nfd5 38. Kg2 Nc2 39. Rd7 Ncb4 40. Kf3 Nc2 41. Rb7 Ncb4 42. h4 Na6 43. h5 1-0

[Event "Titled Tuesday intern op 27th Jun Early"]
[Site "Chess.com INT"]
[Date "2023.06.27"]
[Round "3"]
[White "Feinig, Mario"]
[Black "Ambartsumova, Karina"]
[Result "0-1"]
[WhiteElo "2206"]
[BlackElo "2393"]
[PlyCount "46"]
[EventDate "2023.06.27"]
[EventType "swiss (blitz)"]
[EventRounds "11"]
[EventCountry "USA"]
[SourceTitle "EXT 2024"]
[Source "ChessBase"]
[SourceDate "2023.10.10"]
[SourceVersion "1"]
[SourceVersionDate "2023.10.10"]
[SourceQuality "1"]

1. c4 Nf6 2. Nc3 g6 3. g3 Bg7 4. Bg2 0-0 5. e4 e5 6. Nge2 Nc6 7. 0-0 Nd4 8. d3 d6 9. Nxd4 exd4 10. Ne2 Nd7 11. f4 a6 12. f5 Rb8 13. g4 b5 14. b3 Ne5 15. g5 f6 16. fxg6 hxg6 17. Nxd4 fxg5 18. Rxf8+ Qxf8 19. Bxg5 Ng4 20. e5 Qf2+ 21. Kh1 Qxd4 22. Bd5+ Kh7 23. Qf1 Nf2+ 0-1

[Event "Titled Tuesday intern op 27th Jun Early"]
[Site "Chess.com INT"]
[Date "2023.06.27"]
[Round "2"]
[White "Feinig, Mario"]
[Black "Eynullayev, Altay Elshan"]
[Result "1-0"]
[WhiteElo "2206"]
[BlackElo "2214"]
[PlyCount "107"]
[EventDate "2023.06.27"]
[EventType "swiss (blitz)"]
[EventRounds "11"]
[EventCountry "USA"]
[SourceTitle "EXT 2024"]
[Source "ChessBase"]
[SourceDate "2023.10.10"]
[SourceVersion "1"]
[SourceVersionDate "2023.10.10"]
[SourceQuality "1"]

1. c4 Nf6 2. Nc3 e5 3. g3 d5 4. cxd5 Nxd5 5. Bg2 Nb6 6. Nf3 Be7 7. Nxe5 0-0 8. 0-0 c6 9. d4 N8d7 10. Nxd7 Bxd7 11. d5 cxd5 12. Nxd5 Nxd5 13. Qxd5 Bc6 14. Qxd8 Rfxd8 15. Bxc6 bxc6 16. Be3 Bf6 17. Rab1 a5 18. Rfc1 Ra6 19. Rc2 Rb8 20. b3 a4 21. Rbc1 axb3 22. axb3 Rxb3 23. Rxc6 Rxc6 24. Rxc6 h6 25. Bxh6 Bd4 26. Bf4 Rb2 27. e3 Bf6 28. h4 Kh7 29. Kg2 Kg6 30. Bg5 Kf5 31. Bxf6 gxf6 32. Rc5+ Kg6 33. Kf3 Ra2 34. Rc4 Rb2 35. Rf4 Ra2 36. Kg4 Ra5 37. e4 Re5 38. h5+ Kg7 39. f3 Rg5+ 40. Kh4 Ra5 41. Rf5 Ra1 42. Kg4 Rh1 43. Kf4 Rh3 44. g4 Rh1 45. Rb5 Ra1 46. Kf5 Ra3 47. f4 Rh3 48. Rb6 Rc3 49. Rxf6 Rf3 50. e5 Rc3 51. h6+ Kg8 52. h7+ Kg7 53. h8Q+ Kxh8 54. Rxf7 1-0

[Event "Titled Tuesday intern op 23rd May Early"]
[Site "Chess.com INT"]
[Date "2023.05.23"]
[Round "1"]
[White "Feinig, Mario"]
[Black "Koshulyan, Egor A"]
[Result "0-1"]
[WhiteElo "2206"]
[BlackElo "2136"]
[PlyCount "78"]
[EventDate "2023.05.23"]
[EventType "swiss (blitz)"]
[EventRounds "11"]
[EventCountry "USA"]
[SourceTitle "CBM 214 Extra"]
[Source "ChessBase"]
[SourceDate "2023.07.31"]
[SourceVersion "1"]
[SourceVersionDate "2023.07.31"]
[SourceQuality "1"]

1. e4 c5 2. Nc3 Nc6 3. g3 g6 4. Bg2 Bg7 5. d3 d6 6. Nh3 Nf6 7. 0-0 0-0 8. Ne2 d5 9. Nhf4 dxe4 10. dxe4 Bg4 11. h3 Bd7 12. c3 Rc8 13. Qc2 Ne5 14. c4 b5 15. b3 bxc4 16. Bb2 Ne8 17. bxc4 Nd6 18. Rad1 Ndxc4 19. Ba1 Nd6 20. Nd5 Nc6 21. Bxg7 Kxg7 22. Qc3+ f6 23. Qxc5 Ne5 24. Qxa7 Ra8 25. Qb6 Rxa2 26. Qxd8 Rxd8 27. Nd4 Re8 28. Nf4 Kf7 29. Ra1 Rea8 30. Rxa2 Rxa2 31. Rd1 Ba4 32. Rc1 Ndc4 33. Nd5 Rd2 34. Nf3 Nxf3+ 35. Bxf3 Ne5 36. Bg2 Bc2 37. f4 Nd3 38. Ra1 Bb3 39. Ne3 Re2 0-1

[Event "Titled Tuesday intern op 09th May Early"]
[Site "Chess.com INT"]
[Date "2023.05.09"]
[Round "7"]
[White "Feinig, Mario"]
[Black "Tarnowska, Aleksandra"]
[Result "1-0"]
[WhiteElo "2206"]
[BlackElo "1835"]
[PlyCount "53"]
[EventDate "2023.05.09"]
[EventType "swiss (blitz)"]
[EventRounds "11"]
[EventCountry "USA"]
[SourceTitle "CBM 214 Extra"]
[Source "ChessBase"]
[SourceDate "2023.07.31"]
[SourceVersion "1"]
[SourceVersionDate "2023.07.31"]
[SourceQuality "1"]

1. d4 d5 2. Nf3 Nf6 3. e3 c6 4. Bd3 Bg4 5. Nbd2 e6 6. c3 Bd6 7. e4 dxe4 8. Nxe4 Nxe4 9. Bxe4 Nd7 10. h3 Bh5 11. g4 Bg6 12. Qe2 Nf6 13. Bxg6 hxg6 14. Bg5 Qb6 15. Bxf6 gxf6 16. 0-0-0 a5 17. h4 a4 18. h5 Ke7 19. hxg6 fxg6 20. Rde1 Bf4+ 21. Kb1 c5 22. dxc5 Qc6 23. Nd4 Qd5 24. Nxe6 Rxh1 25. Nxf4+ Kf7 26. Nxd5 Rxe1+ 27. Qxe1 1-0

[Event "Titled Tuesday intern op 09th May Early"]
[Site "Chess.com INT"]
[Date "2023.05.09"]
[Round "3"]
[White "Kuzhilniy, Oleksandr"]
[Black "Feinig, Mario"]
[Result "1-0"]
[WhiteElo "2220"]
[BlackElo "2206"]
[PlyCount "105"]
[EventDate "2023.05.09"]
[EventType "swiss (blitz)"]
[EventRounds "11"]
[EventCountry "USA"]
[SourceTitle "CBM 214 Extra"]
[Source "ChessBase"]
[SourceDate "2023.07.31"]
[SourceVersion "1"]
[SourceVersionDate "2023.07.31"]
[SourceQuality "1"]

1. b3 Nh6 2. e4 g6 3. Bb2 f6 4. d4 Bg7 5. Nd2 Nf7 6. h4 e5 7. h5 g5 8. Be2 h6 9. Bg4 Nc6 10. Ne2 Ne7 11. Ng3 d6 12. Qf3 Bxg4 13. Qxg4 Qd7 14. Qf3 0-0 15. 0-0-0 exd4 16. Bxd4 Ne5 17. Bxe5 fxe5 18. Qe2 a5 19. a4 Rfb8 20. Qb5 c6 21. Qd3 b5 22. Ndf1 d5 23. Ne3 bxa4 24. bxa4 Rb4 25. Nef5 Rab8 26. f3 Bf8 27. Nxe7+ Qxe7 28. exd5 Rd4 29. Qg6+ Bg7 30. Qe6+ Qxe6 31. dxe6 Rxa4 32. Rd7 e4 33. Kd2 exf3 34. gxf3 Rf4 35. Ke3 Re8 36. Ne4 Rxe6 37. Rb1 c5 38. Rb8+ Rf8 39. Rxf8+ Kxf8 40. Kd3 Bd4 41. Ra7 Rb6 42. Rxa5 Rb1 43. Nxc5 Bxc5 44. Rxc5 Rf1 45. Ke3 Ke7 46. Rc6 Re1+ 47. Kd2 Rf1 48. Ke2 Rc1 49. c4 Rc3 50. Kf2 Kf7 51. Rxh6 Rxc4 52. Rg6 Rc5 53. Kg3 1-0

[Event "AUT-chT2M 2223"]
[Site "Austria"]
[Date "2023.03.03"]
[Round "7.3"]
[White "Koch, Martin1111"]
[Black "Feinig, Mario"]
[Result "0-1"]
[WhiteElo "1864"]
[BlackElo "2198"]
[PlyCount "74"]
[EventDate "2022.09.30"]
[EventType "team-tourn"]
[EventRounds "11"]
[EventCountry "AUT"]
[SourceTitle "CBM 213 Extra"]
[Source "ChessBase"]
[SourceDate "2023.05.31"]
[SourceVersion "1"]
[SourceVersionDate "2023.05.31"]
[SourceQuality "1"]
[WhiteTeam "St Valentin"]
[BlackTeam "St Veit/Glan"]
[WhiteTeamCountry "AUT"]
[BlackTeamCountry "AUT"]

1. Nf3 d5 2. g3 c5 3. Bg2 Nc6 4. d4 Nf6 5. 0-0 e6 6. c4 dxc4 7. Qa4 Bd7 8. Qxc4 b5 9. Qd3 c4 10. Qd1 Rc8 11. Re1 Be7 12. e4 0-0 13. d5 exd5 14. exd5 Nb4 15. d6 Bxd6 16. Qxd6 Nc2 17. Bg5 Nxa1 18. Na3 Bf5 19. Qxd8 Rfxd8 20. Rxa1 a6 21. Nh4 Bd3 22. Bd2 Nd5 23. Bxd5 Rxd5 24. Ng2 Re5 25. Ne3 f5 26. Bc3 Re6 27. Ng2 g5 28. Re1 Rce8 29. Rxe6 Rxe6 30. Ne1 Re2 31. Nf3 b4 32. Bxb4 Rxb2 33. Bc5 g4 34. Ne1 Rxa2 35. Nxd3 cxd3 36. Kf1 Ra1+ 37. Kg2 d2 0-1

[Event "AUT-chT2M 2223"]
[Site "Austria"]
[Date "2022.10.22"]
[Round "5.5"]
[White "Feinig, Mario"]
[Black "Tadic, Branko"]
[Result "0-1"]
[WhiteElo "2198"]
[BlackElo "2455"]
[PlyCount "76"]
[EventDate "2022.09.30"]
[EventType "team-tourn"]
[EventRounds "11"]
[EventCountry "AUT"]
[SourceTitle "EXT 2024"]
[Source "ChessBase"]
[SourceDate "2023.10.10"]
[SourceVersion "1"]
[SourceVersionDate "2023.10.10"]
[SourceQuality "1"]
[WhiteTeam "St Veit/Glan"]
[BlackTeam "Pinggau Friedberg"]
[WhiteTeamCountry "AUT"]
[BlackTeamCountry "AUT"]

1. e4 d6 2. d4 Nf6 3. Nc3 e5 4. Nf3 Nbd7 5. Bc4 Be7 6. 0-0 0-0 7. Re1 Nb6 8. Bf1 exd4 9. Nxd4 c6 10. a4 a5 11. h3 d5 12. e5 Ne8 13. Bd3 g6 14. Bh6 Ng7 15. Qd2 f5 16. Rad1 Re8 17. Qf4 Nh5 18. Qd2 Bb4 19. Bg5 Qc7 20. e6 Ng7 21. Bf6 Nxe6 22. Nxf5 gxf5 23. Bxf5 Qf7 24. Qh6 Bf8 25. Qh4 Bg7 26. Qxh7+ Kf8 27. Bxg7+ Qxg7 28. Qh5 Bd7 29. Qf3 Ng5 30. Qg4 Bxf5 31. Qxf5+ Nf7 32. f4 Nc4 33. Rxe8+ Rxe8 34. Nxd5 cxd5 35. Qxd5 Ne3 36. Qc5+ Kg8 37. Rd2 Qg3 38. Re2 Rd8 0-1

[Event "St Veit op 41st"]
[Site "St Veit"]
[Date "2022.07.15"]
[Round "8"]
[White "Feinig, Mario"]
[Black "Fahrner, Kurt"]
[Result "1-0"]
[WhiteElo "2141"]
[BlackElo "2331"]
[PlyCount "43"]
[EventDate "2022.07.09"]
[EventType "swiss"]
[EventRounds "9"]
[EventCountry "AUT"]
[SourceTitle "CBM 209 Extra"]
[Source "ChessBase"]
[SourceDate "2022.09.30"]
[SourceVersion "1"]
[SourceVersionDate "2022.09.30"]
[SourceQuality "1"]

1. e4 g6 2. d4 Bg7 3. Nc3 c6 4. h3 d6 5. Be3 Nf6 6. f4 Qa5 7. Bd3 Nbd7 8. Nf3 0-0 9. 0-0 e5 10. Qe1 Nh5 11. dxe5 dxe5 12. f5 Nc5 13. Bc4 Qb4 14. b3 Nd7 15. fxg6 hxg6 16. Ng5 Bf6 17. a3 Qe7 18. Qh4 Kg7 19. g4 Rh8 20. gxh5 Rxh5 21. Qg3 Nb6 22. Rxf6 1-0

[Event "St Veit op 41st"]
[Site "St Veit"]
[Date "2022.07.10"]
[Round "3"]
[White "Feinig, Mario"]
[Black "Merei, David"]
[Result "1-0"]
[WhiteElo "2141"]
[BlackElo "1839"]
[PlyCount "53"]
[EventDate "2022.07.09"]
[EventType "swiss"]
[EventRounds "9"]
[EventCountry "AUT"]
[SourceTitle "CBM 209 Extra"]
[Source "ChessBase"]
[SourceDate "2022.09.30"]
[SourceVersion "1"]
[SourceVersionDate "2022.09.30"]
[SourceQuality "1"]

1. e4 c5 2. Nf3 d6 3. Bb5+ Bd7 4. Bxd7+ Qxd7 5. c4 Nc6 6. Nc3 Nf6 7. d4 cxd4 8. Nxd4 g6 9. f3 Bg7 10. Be3 0-0 11. 0-0 Rac8 12. b3 Rfd8 13. Qd2 e6 14. Rad1 d5 15. cxd5 exd5 16. Nxc6 bxc6 17. e5 Ne8 18. f4 f6 19. Ne4 fxe5 20. fxe5 Bxe5 21. Bg5 Qc7 22. Bxd8 Bxh2+ 23. Kh1 Rxd8 24. Qh6 Bd6 25. Ng5 Rd7 26. Ne6 Qc8 27. Rf8+ 1-0

[Event "AUT-chT2M 2122"]
[Site "Austria"]
[Date "2022.04.30"]
[Round "10.6"]
[White "Feinig, Mario"]
[Black "Wanderer, Thomas"]
[Result "0-1"]
[WhiteElo "2135"]
[BlackElo "2219"]
[PlyCount "168"]
[EventDate "2021.10.01"]
[EventType "team-tourn"]
[EventRounds "11"]
[EventCountry "AUT"]
[SourceTitle "EXT 2023"]
[Source "ChessBase"]
[SourceDate "2022.10.05"]
[SourceVersion "1"]
[SourceVersionDate "2022.10.05"]
[SourceQuality "1"]
[WhiteTeam "Villach Admira"]
[BlackTeam "Gleisdorf"]
[WhiteTeamCountry "AUT"]
[BlackTeamCountry "AUT"]

1. e4 c5 2. Nf3 e6 3. c3 d5 4. exd5 Qxd5 5. d4 Nf6 6. Na3 a6 7. Nc4 Nbd7 8. a4 b6 9. Be3 Be7 10. dxc5 bxc5 11. Be2 0-0 12. 0-0 Qxd1 13. Raxd1 Nd5 14. Bc1 N7b6 15. Nxb6 Nxb6 16. a5 Nd5 17. Ne5 Bf6 18. Nc4 Bd7 19. Nb6 Nxb6 20. axb6 Ba4 21. Be3 Be7 22. Ra1 Bc6 23. Bf4 a5 24. Bf3 Bxf3 25. gxf3 Ra6 26. b7 Bd6 27. Bxd6 Rxd6 28. Rxa5 Rb6 29. Rxc5 Rxb7 30. b4 Rd8 31. b5 Kf8 32. c4 Rd3 33. Kg2 Rb3 34. Ra1 Ke7 35. Rc6 Rb2 36. Kg3 g5 37. Rd1 Rb4 38. Rd2 h5 39. Ra2 Rb3 40. Kg2 h4 41. Raa6 Rb2 42. Ra8 Kf6 43. Rd8 Ra7 44. Ra6 Rc7 45. Rc6 Ra7 46. Ra6 Rc7 47. Ra4 Rb7 48. Rda8 Rc7 49. R8a7 Rc5 50. Rd7 Rf5 51. Raa7 Kg6 52. Rd4 h3+ 53. Kg3 Rb3 54. Kxh3 Rbxf3+ 55. Kg2 Rxf2+ 56. Kg1 Rb2 57. Ra1 Rc5 58. Ra4 f5 59. Ra6 Kf6 60. Rdd6 Re5 61. Rd1 Ree2 62. Raa1 Rg2+ 63. Kh1 Rxh2+ 64. Kg1 Rhc2 65. Rdc1 Rxc1+ 66. Rxc1 Ke5 67. Re1+ Kd6 68. Kf1 g4 69. Ra1 Kc5 70. Ra6 Kxc4 71. Rxe6 Rxb5 72. Kf2 Kd5 73. Re8 Rb6 74. Kg3 Re6 75. Rd8+ Ke5 76. Rf8 Re7 77. Ra8 Kf6 78. Rf8+ Kg6 79. Rg8+ Kf7 80. Ra8 Re3+ 81. Kf4 Rf3+ 82. Kg5 g3 83. Ra1 g2 84. Rg1 Rf2 0-1

[Event "AUT-chT2M 2122"]
[Site "Austria"]
[Date "2021.10.22"]
[Round "4.4"]
[White "Feinig, Mario"]
[Black "Hellmayr, Alois"]
[Result "1/2-1/2"]
[WhiteElo "2135"]
[BlackElo "2214"]
[PlyCount "115"]
[EventDate "2021.10.01"]
[EventType "team-tourn"]
[EventRounds "11"]
[EventCountry "AUT"]
[SourceTitle "EXT 2023"]
[Source "ChessBase"]
[SourceDate "2022.10.05"]
[SourceVersion "1"]
[SourceVersionDate "2022.10.05"]
[SourceQuality "1"]
[WhiteTeam "Villach Admira"]
[BlackTeam "Sauwald"]
[WhiteTeamCountry "AUT"]
[BlackTeamCountry "AUT"]

1. e4 c5 2. Nf3 a6 3. c3 d5 4. exd5 Qxd5 5. d4 e6 6. Be2 Nf6 7. 0-0 cxd4 8. cxd4 Be7 9. Nc3 Qd6 10. a4 Nc6 11. Be3 0-0 12. Qd2 Nb4 13. Ne5 Nbd5 14. a5 Bd7 15. Bf3 Rac8 16. Rfc1 Bc6 17. Qe2 Rfd8 18. Nc4 Qd7 19. Ne5 Qe8 20. g4 Nb4 21. Nxc6 Nxc6 22. g5 Nd5 23. Nxd5 exd5 24. Bg4 Ra8 25. Qd3 Bb4 26. h4 g6 27. f3 Qe7 28. Bf4 Re8 29. Kf2 Bxa5 30. Rxa5 Nxa5 31. Be5 Nc4 32. Rxc4 dxc4 33. Qxc4 h5 34. Bh3 b5 35. Qc6 Qd8 36. Bd7 Rxe5 37. dxe5 Qb8 38. Kg2 Qf8 39. e6 Rd8 40. exf7+ Kh7 41. Be8 Rd2+ 42. Kh3 Rxb2 43. Qxa6 b4 44. Qd3 Ra2 45. Qd5 Ra3 46. Bd7 b3 47. Bf5 Ra6 48. Be4 Rb6 49. Qd4 Rd6 50. Qb4 b2 51. Qxb2 Qxf7 52. Qb7 Kg7 53. Qxf7+ Kxf7 54. Kg3 Rd4 55. Kh3 Rb4 56. Kg3 Rd4 57. Kh3 Rb4 58. Kg3 1/2-1/2

[Event "AUT-chT2M 2122"]
[Site "Austria"]
[Date "2021.10.03"]
[Round "3.3"]
[White "Feinig, Mario"]
[Black "Kristoferitsch, Daniel"]
[Result "1/2-1/2"]
[WhiteElo "2135"]
[BlackElo "2290"]
[PlyCount "84"]
[EventDate "2021.10.01"]
[EventType "team-tourn"]
[EventRounds "11"]
[EventCountry "AUT"]
[SourceTitle "CBM 204 Extra"]
[Source "ChessBase"]
[SourceDate "2021.11.30"]
[SourceVersion "1"]
[SourceVersionDate "2021.11.30"]
[SourceQuality "1"]
[WhiteTeam "Villach Admira"]
[BlackTeam "Graz Schachfreunde"]
[WhiteTeamCountry "AUT"]
[BlackTeamCountry "AUT"]

1. e4 c5 2. Nf3 e6 3. c3 d5 4. exd5 Qxd5 5. d4 Nf6 6. Na3 a6 7. Nc4 Nbd7 8. a4 b6 9. Be2 Bb7 10. 0-0 Be7 11. Be3 0-0 12. Qb3 b5 13. axb5 axb5 14. Na5 c4 15. Qc2 Qe4 16. Qxe4 Bxe4 17. Nd2 Bd5 18. b3 Bd8 19. bxc4 Bxa5 20. cxd5 Nxd5 21. Bxb5 Bxc3 22. Rxa8 Rxa8 23. Bxd7 Nxe3 24. fxe3 Bxd2 25. Rf3 g5 26. g4 Kg7 27. Kg2 Be1 28. Kf1 Bh4 29. h3 Ra2 30. Be8 f6 31. Bb5 Rd2 32. Bc6 Kf7 33. Be4 h6 34. Bc6 Ke7 35. Bb7 Rb2 36. Be4 Rd2 37. Bg6 Rb2 38. Be4 Rd2 39. Bg6 e5 40. dxe5 fxe5 41. e4 Kd6 42. Rc3 Ke7 1/2-1/2

[Event "AUT-ch U18"]
[Site "Velden"]
[Date "2010.03.30"]
[Round "5"]
[White "Feinig, Mario"]
[Black "Liao, Kevin"]
[Result "1-0"]
[WhiteElo "2018"]
[BlackElo "1845"]
[PlyCount "93"]
[EventDate "2010.03.28"]
[EventType "swiss"]
[EventRounds "7"]
[EventCountry "AUT"]
[SourceTitle "CBM 135 Extra"]
[Source "ChessBase"]
[SourceDate "2010.05.04"]
[SourceVersion "1"]
[SourceVersionDate "2010.05.04"]
[SourceQuality "1"]

1. e4 c5 2. c3 e6 3. d4 d5 4. exd5 exd5 5. Nf3 Nf6 6. Be2 Bd6 7. 0-0 0-0 8. dxc5 Bxc5 9. Nbd2 a5 10. Nb3 Ba7 11. Nbd4 Nc6 12. Bg5 Re8 13. Re1 Bg4 14. Qd2 Qd6 15. Bf4 Qd7 16. Bd3 Ne4 17. Bxe4 dxe4 18. Nxc6 Qxc6 19. Ne5 Qe6 20. Nxg4 Qxg4 21. Red1 h5 22. Be3 Bxe3 23. Qxe3 Ra6 24. h3 Qf5 25. Rd4 Rae6 26. Rad1 Qb5 27. b3 R8e7 28. Rd5 Qc6 29. Rxh5 b6 30. Rhd5 Rc7 31. c4 a4 32. Qd4 axb3 33. axb3 e3 34. fxe3 Rg6 35. e4 Ra7 36. Rd6 Rxd6 37. Qxd6 Qxe4 38. Qb8+ Kh7 39. Qxa7 Qe3+ 40. Kh1 Qxb3 41. Rf1 f5 42. Qf7 b5 43. Qxf5+ Kg8 44. cxb5 Kh8 45. Qh5+ Kg8 46. Qf7+ Qxf7 47. Rxf7 1-0

[Event "Latschach op 24th"]
[Site "Latschach"]
[Date "2008.08.15"]
[Round "8"]
[White "Feinig, Mario"]
[Black "Riemelmoser, Franz"]
[Result "0-1"]
[WhiteElo "1953"]
[BlackElo "2298"]
[PlyCount "46"]
[EventDate "2008.08.09"]
[EventType "swiss"]
[EventRounds "9"]
[EventCountry "AUT"]
[SourceTitle "CBM 125 Extra"]
[Source "ChessBase"]
[SourceDate "2008.09.01"]
[SourceVersion "1"]
[SourceVersionDate "2008.09.01"]
[SourceQuality "1"]

1. e4 e6 2. d4 d5 3. exd5 exd5 4. Nf3 Bd6 5. Bd3 Nc6 6. c3 Bg4 7. 0-0 Nge7 8. Re1 Qd7 9. Nbd2 f6 10. h3 Bh5 11. Qc2 0-0-0 12. Nh4 Bg6 13. Nxg6 hxg6 14. Bxg6 Rdf8 15. Bd3 g5 16. b4 g4 17. b5 gxh3 18. g3 Nd8 19. c4 Rfg8 20. c5 Bxg3 21. fxg3 Rxg3+ 22. Kh1 h2 23. Nf3 Qg4 0-1

[Event "St Veit op 25th"]
[Site "St Veit"]
[Date "2006.07.14"]
[Round "7"]
[White "Feinig, Mario"]
[Black "Sucher, Johannes"]
[Result "0-1"]
[WhiteElo "1939"]
[BlackElo "2155"]
[PlyCount "100"]
[EventDate "2006.07.08"]
[EventType "swiss"]
[EventRounds "9"]
[EventCountry "AUT"]
[SourceTitle "CBM 113 Extra"]
[Source "ChessBase"]
[SourceDate "2006.09.14"]
[SourceVersion "1"]
[SourceVersionDate "2006.09.14"]
[SourceQuality "1"]

1. e4 d6 2. d4 Nf6 3. Nc3 g6 4. f3 c6 5. Be3 Nbd7 6. Qd2 a6 7. 0-0-0 Qa5 8. Kb1 b5 9. Nd5 Qxd2 10. Nxf6+ exf6 11. Rxd2 Nb6 12. Bd3 Bd7 13. Ne2 d5 14. Ng3 Nc4 15. Bxc4 bxc4 16. c3 h5 17. Re1 0-0-0 18. Rde2 Bd6 19. Bf2 h4 20. Nf1 h3 21. g3 Kc7 22. Ka1 Rb8 23. Ne3 Be6 24. exd5 cxd5 25. Ng4 f5 26. Ne3 g5 27. Nf1 Rb5 28. f4 gxf4 29. gxf4 Bxf4 30. Bg3 Bxg3 31. Nxg3 f4 32. Nf1 Rg8 33. Rf2 Rg2 34. Ree2 f3 35. Rd2 Bg4 36. Ne3 f5 37. Nxg2 fxg2 38. Rxg2 hxg2 39. Rxg2 Rb8 40. Kb1 Re8 41. Kc1 Re2 42. Rxe2 Bxe2 43. Kd2 Bd3 44. Ke3 Bb1 45. Kf4 Kd6 46. h4 Ke6 47. a3 Kf6 48. Kf3 Be4+ 49. Kf4 Kg6 50. Kg3 Kh5 0-1

[Event "Faakersee op 21st"]
[Site "Latschach"]
[Date "2005.08.14"]
[Round "2"]
[White "Feinig, Mario"]
[Black "Sgaravatti, Francesco"]
[Result "0-1"]
[WhiteElo "1953"]
[BlackElo "2138"]
[PlyCount "68"]
[EventDate "2005.08.13"]
[EventType "swiss"]
[EventRounds "9"]
[EventCountry "AUT"]
[SourceTitle "EXT 2006"]
[Source "ChessBase"]
[SourceDate "2005.11.24"]
[SourceVersion "1"]
[SourceVersionDate "2005.11.24"]
[SourceQuality "1"]

1. e4 Nf6 2. e5 Nd5 3. d4 d6 4. c4 Nb6 5. exd6 exd6 6. Nf3 Bg4 7. Be2 Nc6 8. Nbd2 Be7 9. b3 0-0 10. 0-0 Bf6 11. Bb2 Re8 12. Re1 d5 13. c5 Nd7 14. a3 Nxc5 15. dxc5 Bxb2 16. Ra2 Qf6 17. Nf1 Bc3 18. N3d2 Rxe2 19. Rxe2 Nd4 20. f3 Nxe2+ 21. Qxe2 Bd7 22. b4 Qd4+ 23. Qe3 Qxe3+ 24. Nxe3 Bd4 25. Ndf1 c6 26. Rd2 Bc3 27. Rd1 Be6 28. Ng3 d4 29. Nef5 Bb3 30. Rb1 Bc2 31. Rc1 d3 32. Ne3 Bd2 33. Rxc2 Bxe3+ 34. Rf2 d2 0-1